Fundamentals of heat and mass transfer / (Record no. 1163)

MARC details
000 -LEADER
Fixed length control field 00495nam a2200181 4500
003 - CONTROL NUMBER IDENTIFIER
Control field SEACOMEC
005 - DATE AND TIME OF LATEST TRANSACTION
Control field 20250207121956.0
008 - FIXED-LENGTH DATA ELEMENTS--GENERAL INFORMATION
Fixed length control field 240521b |||||||| |||| 00| 0 eng d
020 ## - INTERNATIONAL STANDARD BOOK NUMBER / ISBN
International Standard Book Number 9814126667
Price Rs.331.00
040 ## - CATALOGING SOURCE
Original cataloging agency SEACOMEC
082 ## - DEWEY DECIMAL CLASSIFICATION NUMBER
Classification number 621.4022
Book Number J37
100 ## - MAIN ENTRY--PERSONAL NAME
Personal name Incropera, Frank P
245 1# - TITLE STATEMENT
Title Fundamentals of heat and mass transfer /
Statement of responsibility Frank P. Incropera , David P Dewitt,
250 ## - EDITION STATEMENT
Edition statement 5th ed.
260 ## - IMPRINT
Place of publication Singapore
Name of publisher John Wiley
Date of publication 2005
650 ## - SUBJECT ADDED ENTRY--TOPICAL TERM
Topical term Physics
942 ## - ADDED ENTRY ELEMENTS (KOHA)
Koha item type Books
Holdings
Withdrawn status Lost status Source of classification Damaged status Not for loan Home library Current library Date acquired Total Checkouts Call number Accession number Date last seen Price effective from Koha item type Copy number
    Dewey Decimal Classification     SEACOM ENGINEERING COLLEGE SEACOM ENGINEERING COLLEGE 17/01/2008   621.4022 J37 8994 21/05/2024 21/05/2024 Books  
    Dewey Decimal Classification     SEACOM ENGINEERING COLLEGE SEACOM ENGINEERING COLLEGE 17/01/2008   621.4022 J37 8995 21/05/2024 21/05/2024 Books 1
    Dewey Decimal Classification     SEACOM ENGINEERING COLLEGE SEACOM ENGINEERING COLLEGE 17/01/2008   621.4022 J37 8996 21/05/2024 21/05/2024 Books 2
    Dewey Decimal Classification     SEACOM ENGINEERING COLLEGE SEACOM ENGINEERING COLLEGE 07/08/2008   621.4022 J37 12794 07/02/2025 07/02/2025 Books 3
    Dewey Decimal Classification     SEACOM ENGINEERING COLLEGE SEACOM ENGINEERING COLLEGE 07/08/2008   621.4022 J37 12795 07/02/2025 07/02/2025 Books 4
    Dewey Decimal Classification     SEACOM ENGINEERING COLLEGE SEACOM ENGINEERING COLLEGE 07/08/2008   621.4022 J37 12796 07/02/2025 07/02/2025 Books 5
    Dewey Decimal Classification     SEACOM ENGINEERING COLLEGE SEACOM ENGINEERING COLLEGE 07/08/2008   621.4022 J37 12797 07/02/2025 07/02/2025 Books 6
    Dewey Decimal Classification     SEACOM ENGINEERING COLLEGE SEACOM ENGINEERING COLLEGE 07/08/2008   621.4022 J37 12798 07/02/2025 07/02/2025 Books 7
    Dewey Decimal Classification     SEACOM ENGINEERING COLLEGE SEACOM ENGINEERING COLLEGE 15/09/2009   621.4022 J37 14764 19/03/2025 19/03/2025 Books 8
    Dewey Decimal Classification     SEACOM ENGINEERING COLLEGE SEACOM ENGINEERING COLLEGE 15/09/2009   621.4022 J37 14765 19/03/2025 19/03/2025 Books 9
    Dewey Decimal Classification     SEACOM ENGINEERING COLLEGE SEACOM ENGINEERING COLLEGE 15/09/2009   621.4022 J37 14766 19/03/2025 19/03/2025 Books 10
    Dewey Decimal Classification     SEACOM ENGINEERING COLLEGE SEACOM ENGINEERING COLLEGE 15/09/2009   621.4022 J37 14767 19/03/2025 19/03/2025 Books 11
    Dewey Decimal Classification     SEACOM ENGINEERING COLLEGE SEACOM ENGINEERING COLLEGE 15/09/2009   621.4022 J37 14768 19/03/2025 19/03/2025 Books 12
© Seacom Engineering College, All rights reserved.      Powered by Koha